Statistiche per Paesi più Grandi del Mali

Clicka qui per fare il quiz!

Statistiche generali

  • Questo quiz è stato fatto 25 volte
  • Il punteggio medio è 19 su 22

Statistiche sulle risposte

SuperficiePaese% Corretto
2,149,690Arabia Saudita
100%
2,780,400Argentina
100%
8,514,877Brasile
100%
9,984,670Canada
100%
3,287,263India
100%
9,826,675Stati Uniti
100%
2,381,741Algeria
90%
7,741,220Australia
90%
9,596,961Cina
90%
1,759,540Libia
90%
17,098,242Russia
90%
1,284,000Ciad
80%
1,904,569Indonesia
80%
2,724,900Kazakistan
80%
1,964,375Messico
80%
1,564,116Mongolia
80%
2,344,858Rep. Dem. del Congo
80%
1,861,484Sudan
80%
1,648,195Iran
70%
1,267,000Niger
70%
1,285,216Perù
70%
1,246,700Angola
50%

Distribuzione punteggi

Percentile per numero di risposta

Percentuale di utenti per punteggio

I tuoi punteggi nel tempo

Non hai fatto questo quiz